00923nam a2200229 a 4500001001000000005001700010008004100027050002400068100004200092245020700134260002500341300004200366500000900408650003600417650003000453700003300483700002600516902000800542942001100550999001500561952011700576BRCA_279220190320203954.0081208s1960----enka---###---#000-0#eng-# 4aND653.R4b.R46 19601 aRembrandt, Harmenszoon van Rijn9784010aPaintings, Drawings and Etchingsbwith an Introduction by Henri Focillon ; the three Earley Biographies ; Catalogue and Notescby Rembrandt, Harmenszoon van Rijn, Ludwing Goldscheirder & Henri Focillon. aLondonbPaidonc1960 a207 p.bil. (algunas a color)c32 cm. aAA1214aAguafuertistas holandeses9784114aPintores holandeses978421 aGoldscheirder, Ludwing978431 aFocillon, Henri97844 aGFM 2lcccB c2532d2532 00104070aBRCAbBRCAd2008-12-08iAA12l0oND653.R4 .R46 1960 (AA12)p2789r2019-03-22 00:00:00w2019-03-22yB